| 000 | 00527nam a22001697a 4500 | ||
|---|---|---|---|
| 008 | 150601b xxu||||| |||| 00| 0 eng d | ||
| 020 | _a0750672587 | ||
| 041 | 0 | _aeng | |
| 080 | _a338 | ||
| 245 | 0 | 4 |
_aThe knowledge management yearbook 2000-2001 _c[edited by] James W. Cortada, John A. Woods. |
| 260 |
_aBoston : _bButterworth-Heinemann, _cc1999. |
||
| 300 |
_a561 f.: _bme il.; _c25 cm. |
||
| 505 | _aIndex: f. 553-561 | ||
| 650 | 0 | _aOrganizimi i dijes | |
| 710 | 2 | _aNetLibrary, Inc. | |
| 942 |
_2udc _cBK |
||
| 999 |
_c929 _d929 |
||